000 00360nam a2200157Ia 4500
003 OSt
005 20231227112636.0
008 170523s9999 xx 000 0 und d
020 _a9788126124527
040 _cIIMT UNIVERSITY
100 _aSHARMA- SP
245 0 _aBASIC RADIO AND TELEVISION
260 _bTATA MC GRAW HILL
260 _c2000
942 _2ddc
_c01
999 _c880
_d880